| 000 -LEADER | |
|---|---|
| fixed length control field | 01256pam a2200301 i 4500 |
| 001 - CONTROL NUMBER | |
| control field | 18681533 |
| 003 - CONTROL NUMBER IDENTIFIER | |
| control field | OSt |
| 005 - DATE AND TIME OF LATEST TRANSACTION | |
| control field | 20250420134811.0 |
| 008 - FIXED-LENGTH DATA ELEMENTS--GENERAL INFORMATION | |
| fixed length control field | 150630s2013 ilua 001 0 eng |
| 010 ## - LIBRARY OF CONGRESS CONTROL NUMBER | |
| LC control number | 2015304864 |
| 020 ## - INTERNATIONAL STANDARD BOOK NUMBER | |
| International Standard Book Number | 9781577667834 (hbk) |
| 020 ## - INTERNATIONAL STANDARD BOOK NUMBER | |
| International Standard Book Number | 1577667832 (hbk) |
| 040 ## - CATALOGING SOURCE | |
| Original cataloging agency | DLC |
| Language of cataloging | eng |
| Description conventions | rda |
| Transcribing agency | DLC |
| 042 ## - AUTHENTICATION CODE | |
| Authentication code | pcc |
| 050 00 - LIBRARY OF CONGRESS CALL NUMBER | |
| Classification number | QC665.E4 |
| Item number | I84 2013 |
| 082 00 - DEWEY DECIMAL CLASSIFICATION NUMBER | |
| Classification number | 530.141 |
| Edition information | 23 |
| 100 ## - MAIN ENTRY--PERSONAL NAME | |
| Personal name | Iskander, Magdy F. |
| 9 (RLIN) | 5175 |
| 245 10 - TITLE STATEMENT | |
| Title | Electromagnetic fields and waves / |
| Statement of responsibility, etc. | Magdy F. Iskander, University of Hawaii at Manoa. |
| 250 ## - EDITION STATEMENT | |
| Edition statement | Second edition. |
| 260 ## - PUBLICATION, DISTRIBUTION, ETC. | |
| Place of publication, distribution, etc. | Long Grove, Illinois : |
| Name of publisher, distributor, etc. | Waveland Press, Inc. |
| Date of publication, distribution, etc. | 2013. |
| 300 ## - PHYSICAL DESCRIPTION | |
| Extent | xxi, 906 pages : |
| Other physical details | illustrations ; |
| Dimensions | 25 cm |
| 500 ## - GENERAL NOTE | |
| General note | Includes index. |
| 505 0# - FORMATTED CONTENTS NOTE | |
| Formatted contents note | Vector analysis and Maxwell's equations in integral form -- Maxwell's equations in differential form -- Maxwell's equations and plane wave propagation in materials -- Static electric and magnetic fields -- Normal incidence plane wave reflection and transmission at plane boundaries -- Oblique incidence plane wave reflection and transmission -- Transmission lines -- Waveguides -- Antennas. |
| 650 #0 - SUBJECT ADDED ENTRY--TOPICAL TERM | |
| Topical term or geographic name entry element | Electromagnetic fields. |
| 9 (RLIN) | 4585 |
| 650 #0 - SUBJECT ADDED ENTRY--TOPICAL TERM | |
| Topical term or geographic name entry element | Electromagnetic waves. |
| 9 (RLIN) | 4586 |
| 942 ## - ADDED ENTRY ELEMENTS (KOHA) | |
| Koha item type | Book |
| 942 ## - ADDED ENTRY ELEMENTS (KOHA) | |
| Source of classification or shelving scheme | Dewey Decimal Classification |
| Withdrawn status | Lost status | Source of classification or shelving scheme | Damaged status | Not for loan | Home library | Current library | Date acquired | Cost, normal purchase price | Total checkouts | Full call number | Barcode | Date last seen | Price effective from | Koha item type |
|---|---|---|---|---|---|---|---|---|---|---|---|---|---|---|
| Dewey Decimal Classification | KCST Library | KCST Library | 01/07/2020 | 20.77 | 530.141 Is El | 1000000614 | 01/07/2020 | 01/07/2020 | Book |